„Švarc-systém“ práce od 1. 1. 2026
Tzv. „švarc-systém“ práce je zaužívaným názvom pre druh závislej práce vykonávanej formálne prostredníctvom samostatných podnikateľov. Jeho pomenovanie vzniklo podľa českého podnikateľa Miroslava Švarca, ktorý ako jeden z prvých vo veľkej miere využíval namiesto práce zamestnancov služby samostatne...
Salvato in:
| Autore principale: | |
|---|---|
| Natura: | Capitolo di libro |
| Lingua: | slovacco |
| Soggetti: | |
| Tags: |
Nessun Tag, puoi essere il primo ad aggiungerne!!
|
MARC
| LEADER | 00000naa a2200000 4500 | ||
|---|---|---|---|
| 001 | 0314340 | ||
| 005 | 20260122074530.9 | ||
| 041 | 0 | |a slo | |
| 044 | |a SK | ||
| 245 | 1 | 0 | |a „Švarc-systém“ práce od 1. 1. 2026 |c Ján Mintál |
| 520 | |a Tzv. „švarc-systém“ práce je zaužívaným názvom pre druh závislej práce vykonávanej formálne prostredníctvom samostatných podnikateľov. Jeho pomenovanie vzniklo podľa českého podnikateľa Miroslava Švarca, ktorý ako jeden z prvých vo veľkej miere využíval namiesto práce zamestnancov služby samostatne zárobkovo činných osôb. V rámci tohto systému je faktický zamestnávateľ odbremenený od administratívnych činností a nákladov súvisiacich s pracovnoprávnym vzťahom. | ||
| 610 | 2 | 0 | |a práca závislá |
| 610 | 2 | 0 | |a osoby samostatne zárobkovo činné |
| 610 | 2 | 0 | |a zamestnávatelia |
| 610 | 2 | 0 | |a vzťahy pracovnoprávne |
| 610 | 2 | 0 | |a práca nelegálna |
| 610 | 2 | 0 | |a zákonník práce |
| 100 | 1 | |a Mintál, Ján | |